[Event "Podhale-ch 16th"]
[Site "Rabka Zdroj"]
[Date "2000.02.26"]
[Round "7"]
[White "Blaszczyk, Pawel"]
[Black "Magierski, Mieczyslaw"]
[Result "0-1"]
[WhiteElo "1800"]
[BlackElo "2000"]
[PlyCount "94"]
[EventDate "2000.02.18"]
[EventType "swiss"]
[EventRounds "9"]
[EventCountry "POL"]
[SourceTitle "EXT 2005"]
[Source "ChessBase"]
[SourceDate "2004.11.15"]
[SourceVersion "1"]
[SourceVersionDate "2004.11.15"]
[SourceQuality "1"]

1. e4 e6 2. d4 d5 3. exd5 exd5 4. Bd3 Nc6 5. c3 Bd6 6. Nf3 Nge7 7. Bg5 Bg4 8. Nbd2 Qd7 9. h3 Bf5 10. Nf1 f6 11. Bh4 0-0-0 12. Bg3 Rde8 13. Bxd6 Qxd6 14. Ne3 Qd7 15. 0-0 g6 16. Qc2 Bxd3 17. Qxd3 h5 18. Nh2 Nd8 19. Rae1 Nf7 20. f3 Nd6 21. Kh1 Ndf5 22. Nxf5 Nxf5 23. Kg1 Ng3 24. Rxe8+ Rxe8 25. Rd1 Qe6 26. Nf1 Ne2+ 27. Kh2 Nf4 28. Qd2 h4 29. Qf2 Qd6 30. Kh1 Re2 31. Qg1 Rxg2 32. Qxg2 Nxg2 33. Kxg2 Qe6 34. Rd2 Qe1 35. Rf2 Kd7 36. a3 f5 37. Nh2 Kd6 38. Nf1 b6 39. Nd2 c5 40. Nb3 a5 41. dxc5+ bxc5 42. Nxa5 c4 43. Nb7+ Kc7 44. Nc5 Kc6 45. Na6 Kd6 46. Nb4 Qe5 47. a4 Qg3+ 0-1